7 to 1 Harry Potter I: Hogwarts Students Quiz Stats

 Plays Quiz not verified by Sporcle

Support Sporcle.
Go Orange.
Score 0/28 Timer 03:00
2 Plays Today
% Correct
Fred Weasley
95.9%
George Weasley
95.4%
Harry Potter
93.9%
Oliver Wood
91.8%
Angelina Johnson
90.9%
Hermione Granger
90.8%
Harry Potter
90.1%
Cho Chang
88.6%
Parvati Patil
87.3%
Gregory Goyle
87.2%
Cedric Diggory
87.1%
Hermione Granger
86.9%
Vincent Crabbe
86.7%
Alicia Spinnet
86.1%
% Correct
Katie Bell
84%
Cormac McLaggen
83.9%
Ginny Weasley
81.9%
Hannah Abbott
80.9%
Millicent Bullstrode
80.6%
Ernie Macmillan
79.4%
Blaise Zabini
78.6%
Justin Finch-Fletchley
77.9%
Susan Bones
76.2%
Angelina Johnson
74.6%
Roger Davies
69.5%
Zacharias Smith
68.2%
Graham Montague
61%
Melinda Bobbin
48.7%

You're not logged in!

Compare scores with friends on all Sporcle quizzes.
OR
Log In

From the Vault

'F' Cartoon Characters by Picture

by THEJMAN

Animators take a lot of liberties when it comes to how close their character looks to a real animal.
Remove Ads.
Support Sporcle.
Get the best of Sporcle when you Go Orange. This ad-free experience offers more features, more stats, and more fun while also helping to support Sporcle. Thank you for becoming a member.

Show Comments

Extras

Top Quizzes Today


Score Distribution

Your Account Isn't Verified!

In order to create a playlist on Sporcle, you need to verify the email address you used during registration. Go to your Sporcle Settings to finish the process.

Report this User

Report this user for behavior that violates our Community Guidelines.

Details: